| 000 | 00428nam a22001697a 4500 | ||
|---|---|---|---|
| 003 | MPLRDC | ||
| 005 | 20220104162842.0 | ||
| 008 | 210129b ||||| |||| 00| 0 eng d | ||
| 082 | _a859.6 ADYY v.3 | ||
| 100 | _aMIRIAM COHEN | ||
| 245 |
_aIT'S GEORGE! _c |
||
| 260 |
_a _bA YEARLING BOOK DELL PUBLISHING _c |
||
| 300 | _b平 | ||
| 490 | _aA DELL YOUNG YEARLING | ||
| 650 | _aCHILDREN LITERATURE | ||
| 942 |
_cBK _o859.6 ADYY v.3 |
||
| 999 |
_c56169 _d56159 |
||